Automation production system and computer integrated manufacturing (Record no. 576784)

000 -LEADER
fixed length control field 00466nam a22001577a 4500
020 ## - INTERNATIONAL STANDARD BOOK NUMBER
International Standard Book Number 9781292076119
082 ## - DEWEY DECIMAL CLASSIFICATION NUMBER
Classification number 670.427 GRO
100 ## - MAIN ENTRY--PERSONAL NAME
Personal name Groover, Mikell P.
9 (RLIN) 10254
245 ## - TITLE STATEMENT
Title Automation production system and computer integrated manufacturing
250 ## - EDITION STATEMENT
Edition statement Fourth
260 ## - PUBLICATION, DISTRIBUTION, ETC.
Place of publication, distribution, etc. UK
Name of publisher, distributor, etc. Pearson
Date of publication, distribution, etc. 2016
300 ## - PHYSICAL DESCRIPTION
Extent 809 P
650 ## - SUBJECT ADDED ENTRY--TOPICAL TERM
Topical term or geographic name entry element Automation Production System and Computer Integrated Manufacturing
9 (RLIN) 69550
700 ## - ADDED ENTRY--PERSONAL NAME
Personal name Jayaprakash, G
9 (RLIN) 69551
942 ## - ADDED ENTRY ELEMENTS (KOHA)
Koha item type Book
Holdings
Withdrawn status Lost status Damaged status Not for loan Collection code Permanent Location Current Location Shelving location Date acquired Total Checkouts Full call number Barcode Date last seen Price effective from Koha item type
          College of Electrical & Mechanical Engineering (CEME) College of Electrical & Mechanical Engineering (CEME) General Stacks 09/03/2019   670.427 GRO CEME-49653 (RES COP) 06/28/2021 06/28/2021 Book
© 2023 Central Library, National University of Sciences and Technology. All Rights Reserved.